Postgrowth Imaginaries : New Ecologies and Counterhegemonic Culture in Post-2008 Spain.

Postgrowth Imaginaries brings together environmental cultural studies and postgrowth economics to examine radical cultural shifts sparked by the global financial crisis. The globalization of an economic culture addicted to constant growth destroys the ecological planetary systems while failing to fu...

Full description

Bibliographic Details
Main Author: Prádanos, Luis I.
Format: eBook
Language:English
Published: Liverpool : Liverpool University Press, 2019.
Edition:1st ed.
Series:Contemporary Hispanic and Lusophone Cultures Series
Subjects:
Online Access:Click to View
LEADER 04344nam a22004213i 4500
001 EBC6898723
003 MiAaPQ
005 20231204023221.0
006 m o d |
007 cr cnu||||||||
008 231204s2019 xx o ||||0 eng d
020 |a 9781786949363  |q (electronic bk.) 
020 |z 9781786941343 
035 |a (MiAaPQ)EBC6898723 
035 |a (Au-PeEL)EBL6898723 
035 |a (OCoLC)1079337961 
040 |a MiAaPQ  |b eng  |e rda  |e pn  |c MiAaPQ  |d MiAaPQ 
082 0 |a 946.083 
100 1 |a Prádanos, Luis I. 
245 1 0 |a Postgrowth Imaginaries :  |b New Ecologies and Counterhegemonic Culture in Post-2008 Spain. 
250 |a 1st ed. 
264 1 |a Liverpool :  |b Liverpool University Press,  |c 2019. 
264 4 |c {copy}2018. 
300 |a 1 online resource (256 pages) 
336 |a text  |b txt  |2 rdacontent 
337 |a computer  |b c  |2 rdamedia 
338 |a online resource  |b cr  |2 rdacarrier 
490 1 |a Contemporary Hispanic and Lusophone Cultures Series ;  |v v.19 
505 0 |a Cover -- Contents -- Acknowledgments -- Introduction -- Environmental Humanities in the Anthropocene -- The Dominant Imaginary of Economic Growth and Its Social and Ecological Crises -- Environmental Cultural Studies: Challenging Neoliberal Fantasies to Overcome the Crisis of Political Imagination -- Part I: Spanish Culture and Postgrowth Economics -- Chapter 1. Towards an Ecocritical Approach to the Spanish Neoliberal Crisis -- 1.1 Cultural Responses to the Spanish Neoliberal Crisis and the Global Ecocritical Turn -- 1.1.1. Social and Ecological Context -- 1.1.2. Culture of Transition and Culture of Crisis: Historical Iterations of the Growth Imaginary in Spain -- 1.1.3. Post-Development: Towards a Decolonial Spanish Cultural Approach -- 1.2. Spanish Ecocriticism and Ecological Economics: A Great Duet -- 1.2.1. Ecological Economics -- 1.2.2. The Proliferation of Iberian Socioecological Essasys -- 1.3 Challenging Acceleration and Techno-Optimism: The Case for a Euro-Mediterranean Degrowth-Inspired Ecocriticism -- 1.3.1. Degrowth and Slow Movement -- 1.3.2. Questioning Acceleration and Techno-Optimism -- Part II: Urban Ecologies -- Chapter 2. Urban Ecocriticism and Spanish Cultural Studies -- 2.1. Spanish Urban Ecocriticism -- 2.1.1. Metabolic Rift and Urban Metabolism -- 2.1.2. Towards Postgrowth Urban Imaginaries -- 2.2 Interpretative Typology -- 2.2.1. The Crisis of the Urban Growth Machine: Challenging Petromodernity -- 2.2.2. Urban Collapse and Post-Petroleum Futures -- 2.2.3. Non-Urban Spaces and Neo-Ruralization: Escaping the Urban Growth Machine? -- 2.2.4. Postgrowth Urban Imaginaries: Imagining and Performing the Ecopolist -- Part III: Waste, Disaster, Refugees, and Nonhuman Agency -- Chapter 3. Nonhuman Agency and the Political Ecology of Waste -- 3.1. Politics and Aesthetics of Garbage in Post-2008 Spanish Culture. 
505 8 |a 3.2. Soft Pollution, Social Metabolism, and Surplus Population -- Chapter 4. Disaster Fiction, the Pedagogy of Catastrophe, and the Dominant Imaginary -- 4.1. El barco -- 4.2. The impossible -- Conclusion: The Global Rise of Postgrowth Imaginaries -- Selected Bibliography -- Index. 
520 |a Postgrowth Imaginaries brings together environmental cultural studies and postgrowth economics to examine radical cultural shifts sparked by the global financial crisis. The globalization of an economic culture addicted to constant growth destroys the ecological planetary systems while failing to fulfil its social promises. A transition toward what Prádanos calls 'postgrowth imaginaries'--the counterhegemonic cultural sensibilities that are challenging the growth paradigm--is well underway in the Iberian Peninsula today. 
588 |a Description based on publisher supplied metadata and other sources. 
590 |a Electronic reproduction. Ann Arbor, Michigan : ProQuest Ebook Central, 2023. Available via World Wide Web. Access may be limited to ProQuest Ebook Central affiliated libraries.  
655 4 |a Electronic books. 
776 0 8 |i Print version:  |a Prádanos, Luis I.  |t Postgrowth Imaginaries  |d Liverpool : Liverpool University Press,c2019  |z 9781786941343 
797 2 |a ProQuest (Firm) 
830 0 |a Contemporary Hispanic and Lusophone Cultures Series 
856 4 0 |u https://ebookcentral.proquest.com/lib/matrademy/detail.action?docID=6898723  |z Click to View